Las hermandades de Castilla y León : (Registro nro. 123028)

Detalles MARC
000 -LEADER
campo de control de longitud fija 01144nam a2200253 i 4500
001 - NÚMERO DE CONTROL
campo de control 123028
003 - IDENTIFICADOR DE NÚMERO DE CONTROL
campo de control ES-MaACL
005 - FECHA Y HORA DE LA ÚLTIMA TRANSACCIÓN
campo de control 20251217152508.0
007 - CAMPO FIJO DE DESCRIPCIÓN FÍSICA--INFORMACIÓN GENERAL
campo de control de longitud fija t|
008 - DATOS DE LONGITUD FIJA--INFORMACIÓN GENERAL
campo de control de longitud fija 070214s1913 sp r ||||0| spa d
100 1# - ENTRADA PRINCIPAL--NOMBRE DE PERSONA
Nombre de persona Puyol y Alonso, Julio,
Fechas asociadas al nombre 1865-1937
9 (RLIN) 94454
245 14 - MENCIÓN DEL TÍTULO
Título Las hermandades de Castilla y León :
Resto del título estudio histórico, seguido de las Ordenanzas de Castronuño hasta ahora inéditas /
Mención de responsabilidad, etc. por Julio Puyol y Alonso.
246 3# - FORMA VARIANTE DEL TITULO
Título propio/Titulo breve Ordenanzas de Castronuño (1467)
260 ## - PUBLICACIÓN, DISTRIBUCIÓN, ETC.
Lugar de publicación, distribución, etc. Madrid :
Nombre del editor, distribuidor, etc. [s.n.],
Fecha de publicación, distribución, etc. 1913 (
Fabricante Imp. de la Suc. de M. Minuesa de los Ríos)
300 ## - DESCRIPCIÓN FÍSICA
Extensión 156 p ;
Dimensiones 20 cm.
505 8# - NOTA DE CONTENIDO CON FORMATO
Nota de contenido con formato Apéndice: Orígenes de la Santa Hermandad (1475-1477) (De la Crónica de Alonso de Palencia) (De la Crónica de los Reyes Católicos, de Hernando del Pulgar)
530 ## - NOTA DISPONIBLE DE FORMULARIO FÍSICO ADICIONAL
Nota de formato físico adicional disponible Disponible en formato digital.
650 #4 - PUNTO DE ACCESO ADICIONAL DE MATERIA--TÉRMINO DE MATERIA
Término de materia o nombre geográfico como elemento de entrada Hermandades-
Subdivisión geográfica Castilla (Reino)
9 (RLIN) 165294
650 #4 - PUNTO DE ACCESO ADICIONAL DE MATERIA--TÉRMINO DE MATERIA
Término de materia o nombre geográfico como elemento de entrada Ordenanzas municipales-
Subdivisión geográfica Valladolid (Provincia)
9 (RLIN) 165295
852 ## - LOCALIZACIÓN
Ubicación ES-MaACL
Número de control de estantería F-2813
Ubicación en estantería Depósito 2
856 4# - LOCALIZACIÓN Y ACCESO ELECTRÓNICOS
Identificador Uniforme de Recursos <a href="http://bdh-rd.bne.es/viewer.vm?id=0000227177&page=1 ">http://bdh-rd.bne.es/viewer.vm?id=0000227177&page=1 </a>
Texto de enlace (Biblioteca Digital Hispánica)
942 ## - ELEMENTOS DE ENTRADA SECUNDARIOS (KOHA)
Fuente del sistema de clasificación o colocación Clasificación decimal universal
Existencias
Estatus retirado Estado de pérdida Estado de daño No para préstamo Colección Biblioteca de origen Biblioteca actual Ubicación en estantería Fecha de adquisición Fuente de adquisición Total de préstamos Signatura topográfica completa Código de barras Visto por última vez Precio de reemplazo Tipo de ítem Koha
        Colección digital Biblioteca del Ateneo de Madrid Biblioteca del Ateneo de Madrid Depósito 2 17/01/2008     F-2813 1128199 23/02/2023 23/02/2023 Libro impreso